000
00332nam a2200145Ia 4500
003
OSt
005
20240320114226.0
008
170523s9999 xx 000 0 und d
020
_a
978-0071375221
040
_c
iimtu meerut
100
_a
SAWHNEY
245
0
_a
SEVEN STEPS TO NIRVANG
260
_b
TATA MC GRAW HILL
942
_2
ddc
_c
02
999
_c
1670
_d
1670